00202nam a2200073Ia 4500008004100000100000900041245007000050260000800120120527s9999 xx 000 0 und d aNARO aWeed management using draught Animals in the TESO farming systems bNRI